Sister cities of Windhoek with a map - Statistics

General Stats
  • This quiz has been taken 29 times
  • The average score is 6 of 10
Answers on the Map
Answers color-coded by a green-red scale on the quiz's map according to % correct below.
 
Answer Stats
City % Correct
Havana
94%
Johannesburg
94%
Berlin
88%
Kingston
88%
Shanghai
88%
San Antonio
71%
Richmond
59%
Nanjing
47%
Suzhou
6%
Trossingen
0%
No matching quizzes found
Score Distribution
Percent of People with Each Score
Percentile by Number Answered
Your Score History
You have not taken this quiz